000 00611nas a2200217 4500
001 BR9506939
003 BR-BrBNA
005 20231205094504.0
007 ta
008 230509b bl.|||p| |||| 00| 00por d
040 _aBR-BrBNA
_bpor
_cBiblioteca Nacional de Agricultura
041 _a(Pt)
072 _aL73
100 1 _aCorrea, O.
245 1 _aDoenca de Newcastle
650 _aAve Domestica
650 _aNewcastle
773 0 _tChacaras e Quintais. Agricultura e Pecuaria (Brazil)
_x
_g(May 1969), v. 60(713) p. 12-16
_wBR9506939
909 _a202311
_bLúcia
_c55
_dLúcia Elande
942 _2AGRIS
_n0
_cANA
999 _c144706
_d144706